|
|
|
|
| LEADER |
00000nam0a2200000 4500 |
| 001 |
317247 |
| 005 |
20231102002944.0 |
| 020 |
|
|
|a RU
|b 82-60114
|
| 035 |
|
|
|a (RuTPU)RU\TPU\book\342715
|
| 090 |
|
|
|a 317247
|
| 100 |
|
|
|a 20160406d1982 m y0rusy5003 ca
|
| 101 |
0 |
|
|a rus
|
| 102 |
|
|
|a RU
|
| 105 |
|
|
|a a j 001zy
|
| 200 |
1 |
|
|a Градиентный метод распределения нагрузок на ТЭЦ
|e учебное пособие
|f Р. З. Аминов
|g Саратовский политехнический институт (СПИ)
|
| 210 |
|
|
|a Саратов
|c Изд-во СПИ
|d 1982
|
| 215 |
|
|
|a 59 с.
|c ил.
|
| 320 |
|
|
|a Библиогр.: с. 43-46
|
| 606 |
1 |
|
|a Тепловые электрические станции
|x Оборудование
|2 stltpush
|3 (RuTPU)RU\TPU\subj\59626
|9 77136
|
| 610 |
1 |
|
|a теплосиловое оборудование
|
| 610 |
1 |
|
|a нагрузки
|
| 610 |
1 |
|
|a нагрузочная способность
|
| 610 |
1 |
|
|a распределение
|
| 610 |
1 |
|
|a минимизация
|
| 610 |
1 |
|
|a электрические нагрузки
|
| 610 |
1 |
|
|a блочные установки
|
| 610 |
1 |
|
|a учебные пособия
|
| 675 |
|
|
|a 621.311.22.002.5(075.8)
|z rus
|v 3
|
| 700 |
|
1 |
|a Аминов
|b Р. З.
|g Рашид Зарифович
|4 070
|
| 712 |
0 |
2 |
|a Саратовский политехнический институт (СПИ)
|c (1960-1992)
|2 stltpush
|3 (RuTPU)RU\TPU\col\283
|
| 801 |
|
0 |
|a RU
|b RuMRKP
|c 19950704
|g psbo
|
| 801 |
|
1 |
|a RU
|b 63413507
|c 20160406
|
| 801 |
|
2 |
|a RU
|b 63413507
|c 20191224
|g RCR
|
| 942 |
|
|
|c BK
|